000 00568nam a2200217Ia 4500
003 OSt
005 20230327112242.0
008 210423s2007 xx 000 0 und d
020 _a9788120327955
040 _cAL
041 _aeng
082 _a657.48 NARR
100 _aNARAYANASWAMY (R).
_978269
245 _aFinancial accounting: a managerial perspective.
250 _a2
260 _aNew Delhi
_bOxford & IBH
_c2007
300 _axiii,663
_bPB
365 _b325
_cINR
906 _aaccounting: ; Financial ; managerial ; perspective.
942 _2ddc
_cBK
999 _c156089
_d156089